000 00444nam a2200145Ia 4500
008 100204s9999 xx 000 0 und d
082 _b25638
100 _aकलंदर
245 _aआणखी कानोकानी
260 _b"रोहन प्रकाशन , पुणे"
_c2003
300 _a168
630 _aआणखी कानोकानी
730 _aआणखी कानोकानी
942 _cBOOK
999 _c470819
_d470816